[Event "3rd leg of the 1st Asian GM tournament"]
[Site "Jakarta"]
[Date "1978.05.??"]
[White "Chiong, Luiz"]
[Black "O'Kelly de Galway, Albéric"]
[Result "1/2-1/2"]
[WhiteElo "2400"]
[BlackTitle "GM"]
[BlackElo "2460"]
[Source "ChessBase"]

1. e4 c5 2. Nf3 d6 3. d4 cxd4 4. Nxd4 Nf6 5. Nc3 a6 6. Bg5 e6 7. f4 Qb6 8. Nb3
Be7 9. Qe2 h6 10. Bxf6 Bxf6 11. e5 dxe5 12. fxe5 Bg5 13. Ne4 Qe3 14. Nxg5 Qxe2+
15. Bxe2 hxg5 16. Nc5 Nc6 17. Nd3 Bd7 18. O-O Nd4 19. Bd1 Bb5 20. Re1 Bxd3
21. cxd3 Ke7 1/2-1/2

[Event "3rd leg of the 1st Asian GM tournament"]
[Site "Jakarta"]
[Date "1978.05.??"]
[White "O'Kelly de Galway, Albéric"]
[Black "Bachtiar, Arovah"]
[Result "1/2-1/2"]
[WhiteTitle "GM"]
[WhiteElo "2460"]
[BlackElo "2335"]
[Source "ChessBase"]


1. c4 Nf6 2. Nc3 e5 3. Nf3 Nc6 4. e3 d6 5. d4 Be7 6. Be2 O-O 7. d5 Nb8 8. e4
Nbd7 9. Qc2 a5 10. h3 Nc5 11. Be3 b6 12. Nd2 Bd7 13. b3 c6 14. Rc1 cxd5
15. cxd5 Rc8 16. a4 Ne8 17. Bb5 Bxb5 18. axb5 Bg5 19. O-O Bxe3 20. fxe3 Nc7
21. Nc4 Rb8 22. Rb1 Qd7 23. b4 axb4 24. Rxb4 Rfd8 25. Qe2 Ne8 26. Ra1 Nf6
27. Qc2 Qc7 28. Ra3 h6 29. Nd2 Qd7 30. Rc4 Qb7 1/2-1/2

[Event "3rd leg of the 1st Asian GM tournament"]
[Site "Jakarta"]
[Date "1978.05.??"]
[White "O'Kelly de Galway, Albéric"]
[Black "Laird, Craig"]
[Result "1-0"]
[WhiteTitle "GM"]
[WhiteElo "2460"]
[BlackElo "2215"]
[Source "ChessBase"]


1. c4 Nf6 2. Nc3 c6 3. d4 d6 4. Nf3 Bg4 5. e4 Nbd7 6. Be2 e5 7. Be3 Be7 8. O-O
O-O 9. Re1 Re8 10. d5 Bxf3 11. Bxf3 h6 12. g3 Nf8 13. Bg2 Qd7 14. Qe2 Kh8
15. Red1 c5 16. a3 N6h7 17. b4 b6 18. bxc5 bxc5 19. f3 Bg5 20. Bf2 Bd8 21. Qc2
Ba5 22. Ne2 Rab8 23. Rab1 Kg8 24. Be3 Nf6 25. Bf1 Ng6 26. Rxb8 Rxb8 27. Rb1 Qc7
28. Rxb8+ Qxb8 29. Nc1 Bd8 30. Qb3 Qb6 31. Qxb6 axb6 32. Na2 Ne8 33. Nc3 Kf8
34. Bh3 Nc7 35. Bd7 Ke7 36. Bc6 Nf8 37. Kf2 Nd7 38. f4 exf4 39. gxf4 Nb8
40. Ba4 Kf8 41. e5 Bh4+ 42. Ke2 Be7 43. Ne4 Ne8 44. Bb5 f5 45. Ng3 g6 46. Bc1
Kf7 47. Bb2 Bf8 48. Kd3 Ke7 49. Ne2 Nd7 50. Ng1 g5 51. Nf3 gxf4 52. e6 Ne5+
53. Nxe5 dxe5 54. Bxe5 Nd6 55. Ke2 Kd8 56. Bxf4 Ke7 57. Be5 h5 58. Kd3 Bh6
59. Ba4 h4 60. Bd1 Bc1 61. a4 Bg5 62. Bh5 Bh6 63. h3 Bg5 64. Bc3 Bh6 65. a5
bxa5 66. Bxa5 Bg7 67. Be1 Bf6 68. Bf2 Ne4 69. Bg1 Kd6 70. Bf3 Ng3 71. Be3 Ke5
72. Bxc5 1-0

[Event "3rd leg of the 1st Asian GM tournament"]
[Site "Jakarta"]
[Date "1978.05.??"]
[White "O'Kelly de Galway, Albéric"]
[Black "Mascariñas, Rico"]
[Result "1/2-1/2"]
[WhiteTitle "GM"]
[WhiteElo "2460"]
[BlackElo "2355"]
[Source "ChessBase"]


1. c4 Nf6 2. Nc3 c5 3. g3 Nc6 4. Bg2 e6 5. Nf3 d5 6. d4 dxc4 7. Qa4 cxd4
8. Nxd4 Qxd4 9. Bxc6+ Bd7 10. Bxd7+ Qxd7 11. Qxc4 Rc8 12. Qb3 Be7 13. O-O O-O
1/2-1/2

[Event "3rd leg of the 1st Asian GM tournament"]
[Site "Jakarta"]
[Date "1978.05.??"]
[White "O'Kelly de Galway, Albéric"]
[Black "Quinteros, Miguel Ángel"]
[Result "1/2-1/2"]
[WhiteTitle "GM"]
[WhiteElo "2460"]
[BlackTitle "GM"]
[BlackElo "2480"]
[Source "ChessBase"]


1. d4 Nf6 2. c4 c5 3. d5 e6 4. Nc3 exd5 5. cxd5 d6 6. Nf3 g6 7. Nd2 Nbd7 8. e4
Bg7 9. Nc4 Nb6 10. Ne3 O-O 11. Be2 a6 12. O-O Bd7 13. a4 Rb8 14. a5 Nc8 15. Nc4
Bb5 16. f3 Nd7 17. Kh1 f5 18. exf5 gxf5 19. f4 Nf6 20. Ne3 Qd7 21. Nxb5 axb5
1/2-1/2

[Event "3rd leg of the 1st Asian GM tournament"]
[Site "Jakarta"]
[Date "1978.05.??"]
[White "Sampouw, Jacobus Sawandar"]
[Black "O'Kelly de Galway, Albéric"]
[Result "0-1"]
[WhiteElo "2315"]
[BlackTitle "GM"]
[BlackElo "2460"]
[Source "ChessBase"]


1. e4 c5 2. Nf3 e6 3. d4 cxd4 4. Nxd4 Nf6 5. Nc3 d6 6. Bg5 h6 7. Bh4 Nc6
8. Be2 a6 9. f4 Be7 10. Bf2 Qc7 11. Qd2 Bd7 12. g4 g5 13. fxg5 hxg5 14. Nxc6
Bxc6 15. Qe3 Nd7 16. O-O-O Ne5 17. h4 gxh4 18. g5 Qa5 19. Kb1 O-O-O 20. Rxh4
Rxh4 21. Bxh4 Ng6 22. Bf2 Qc7 23. Bg4 Ne5 24. Bh3 Bd7 25. Bg3 Rh8 26. Bxe5 dxe5
27. Rf1 Rh7 28. Rf3 Kb8 29. Qg1 Rg7 30. Rg3 Bc5 31. Qd1 Rh7 32. Rd3 Bd4 33. Qg4
Rg7 34. Qh5 Qd8 35. Rg3 Bxc3 36. bxc3 Bc6 37. g6 fxg6 38. Rxg6 Rxg6 39. Qxg6
Qb6+ 40. Ka1 Qe3 0-1

[Event "3rd leg of the 1st Asian GM tournament"]
[Site "Jakarta"]
[Date "1978.05.??"]
[White "Sharif, Mehrshad"]
[Black "O'Kelly de Galway, Albéric"]
[Result "1/2-1/2"]
[WhiteTitle "IM"]
[WhiteElo "2380"]
[BlackTitle "GM"]
[BlackElo "2460"]
[Source "ChessBase"]


1. e4 e5 2. Nf3 Nc6 3. Bb5 a6 4. Ba4 Nf6 5. O-O Be7 6. Re1 b5 7. Bb3 d6 8. c3
O-O 9. d4 Bg4 10. d5 Na5 11. Bc2 c6 12. h3 Bc8 13. dxc6 Qc7 14. Nbd2 Qxc6
15. Nf1 Re8 16. a4 Nc4 17. Ng3 g6 18. axb5 axb5 19. Rxa8 Qxa8 20. Bd3 Qc6
21. Qe2 Bd7 22. Nd2 Nxd2 23. Bxd2 Rb8 24. Ra1 Ra8 25. Rxa8+ Qxa8 26. b4 Qb7
1/2-1/2

[Event "3rd leg of the 1st Asian GM tournament"]
[Site "Jakarta"]
[Date "1978.05.??"]
[White "Shirazi, Kamran"]
[Black "O'Kelly de Galway, Albéric"]
[Result "1/2-1/2"]
[WhiteElo "2285"]
[BlackTitle "GM"]
[BlackElo "2460"]
[Source "ChessBase"]


1. e4 c5 2. Nf3 d6 3. c3 Nf6 4. Be2 e6 5. O-O Be7 6. Re1 Nc6 7. Bf1 e5 8. h3
h6 9. d4 Qc7 10. a3 O-O 11. b4 b6 12. Nbd2 Re8 13. Nc4 Bf8 14. b5 Nb8 15. dxe5
dxe5 16. a4 Bb7 17. Qc2 Nbd7 18. a5 Rad8 19. g4 g6 20. g5 Nh5 21. gxh6 Nf4
22. axb6 axb6 23. Ra7 Ra8 24. Rxa8 Bxa8 25. h7+ Kxh7 26. Ng5+ Kg7 27. Qa2 Ne6
28. Nxe6+ fxe6 29. Qd2 Nf6 30. Qh6+ Kf7 31. Qg5 Nxe4 32. Nxe5+ Kg8 33. Qxg6+
Qg7 34. c4 Qxg6+ 35. Nxg6 Bg7 36. f3 Bd4+ 37. Be3 Nd2 38. Kf2 Nxf3 39. Re2 Kf7
40. Nf4 e5 41. Nd3 Be4 1/2-1/2

[Event "3rd leg of the 1st Asian GM tournament"]
[Site "Jakarta"]
[Date "1978.05.??"]
[White "Suradiradja, Herman"]
[Black "O'Kelly de Galway, Albéric"]
[Result "0-1"]
[WhiteTitle "IM"]
[WhiteElo "2330"]
[BlackTitle "GM"]
[BlackElo "2460"]
[Source "ChessBase"]


1. e4 c5 2. Nf3 d6 3. d4 cxd4 4. Nxd4 Nf6 5. Nc3 a6 6. Bg5 e6 7. f4 Qb6 8. Qd2
Qxb2 9. Nb3 Qa3 10. Bxf6 gxf6 11. Be2 Nc6 12. O-O Bd7 13. f5 h5 14. fxe6 fxe6
15. Rf3 O-O-O 16. Rb1 Bh6 17. Qe1 h4 18. Qf2 Rdf8 19. Qb6 Rh7 20. Kh1 Rff7
21. Nd5 exd5 22. Nd4 Qc5 23. Qxb7+ Kd8 24. Ne6+ Bxe6 25. Qa8+ Ke7 26. Rb7+ Bd7
27. Qc8 Ne5 28. Rc7 Rf8 29. Qb7 Qa5 30. Rf1 Rd8 0-1

[Event "3rd leg of the 1st Asian GM tournament"]
[Site "Jakarta"]
[Date "1978.05.??"]
[White "Torre, Eugenio"]
[Black "O'Kelly de Galway, Albéric"]
[Result "1-0"]
[WhiteTitle "GM"]
[WhiteElo "2490"]
[BlackTitle "GM"]
[BlackElo "2460"]
[Source "ChessBase"]

1. c4 e6 2. Nc3 d5 3. d4 Nf6 4. Nf3 Be7 5. Bg5 O-O 6. e3 h6 7. Bh4 b6 8. Rc1
Bb7 9. Bxf6 Bxf6 10. cxd5 exd5 11. b4 a6 12. Be2 Qd6 13. Qb3 Be7 14. Rb1 Nd7
15. O-O Qe6 16. Ne1 Bd6 17. Nd3 Nf6 18. Bf3 Qf5 19. Qc2 Rfe8 20. Ne2 h5
21. Rfc1 h4 22. h3 g5 23. Ne5 Qxc2 24. Rxc2 Rad8 25. Nc6 Rd7 26. Nc1 Re6
27. Kh1 Re8 28. Nd3 Bxc6 29. Rxc6 Kg7 30. a4 Rde7 31. a5 Rb8 32. b5 bxa5
33. Rxa6 Bb4 34. Nxb4 1-0